00441nam a22001577a 450000500170000000800410001702000180005804100080007608200210008410000180010524500600012325000090018326000540019230000140024665000230026020230117121636.0200517b xxu||||| |||| 00| 0 eng d a9788123904177 aeng a615.4 ALIbALI-D aALI, MOHAMMED aDurg stor and business managment (including Accounticy) a1'st aNew DelhibCBS Publishers and distributors c2019 a344, viii aPharmacyxD.PHARMA